Egészségturisztikai fejlesztések Csongrád megyében. A makói fürdőfejlesztés gazdasági, társadalmi hatásvizsgálata

Elmentve itt :
Bibliográfiai részletek
Szerző: Hős Adrienn
További közreműködők: Kozma Józsefné Dr. Soós Edit (Témavezető)
Dokumentumtípus: Szakdolgozat
Megjelent: 2014
Tárgyszavak:
Online Access:http://diploma.bibl.u-szeged.hu/69136
LEADER 00802nta a2200169 i 4500
001 dipl69136
005 20190503091429.0
008 170615s2014 hu om 0|| zxx d
040 |a SZTE Diploma Repozitórium  |b hun 
041 |a zxx 
100 1 |a Hős Adrienn 
245 1 0 |a Egészségturisztikai fejlesztések Csongrád megyében. A makói fürdőfejlesztés gazdasági, társadalmi hatásvizsgálata  |h [elektronikus dokumentum] /  |c Adrienn Hős  
246 1 0 |a Developments of Health Tourism in Csongrád County. Economical and Social Impact Assesment of the bath development in Makó  |h [elektronikus dokumentum] 
260 |c 2014 
650 4 |a Gazdaságtudományok 
700 2 |a Kozma Józsefné Dr. Soós Edit  |e ths 
856 4 0 |u http://diploma.bibl.u-szeged.hu/id/eprint/69136/1/2014_hos_adrienn.pdf  |z Dokumentum-elérés